|
|
|
|
| LEADER |
00877pam a22002418a 4500 |
| 001 |
00039325 |
| 005 |
20171026081025.0 |
| 008 |
170518s ||||||Viesd |
| 041 |
0 |
# |
|a Vie
|
| 082 |
1 |
4 |
|a 372.6
|b D112L
|
| 110 |
1 |
# |
|a Bộ Giáo dục và Đào tạo
|b Dự án phát triển giáo viên tiểu học
|
| 245 |
1 |
0 |
|a Dạy học lớp 5 theo chương trình giáo dục tiểu học mới
|b Tài liệu bồi dưỡng giáo viên
|
| 260 |
# |
# |
|a H.
|b Đại học sư phạm
|
| 300 |
# |
# |
|a 88 tr.
|c 29 cm
|
| 653 |
# |
# |
|a Chương trình
|
| 653 |
# |
# |
|a giáo viên
|
| 653 |
# |
# |
|a Tiểu học
|
| 852 |
# |
# |
|b Kho mượn
|j KM.0021658
|
| 852 |
# |
# |
|b Kho đọc
|j KD.0020610
|
| 852 |
# |
# |
|j KD.0020610
|j KM.0021658
|
| 910 |
|
|
|d 18/05/2017
|
| 980 |
# |
# |
|a Trung tâm Học liệu Lê Vũ Hùng, Trường Đại học Đồng Tháp
|